| 000 | 00815nam a22002777a 4500 | ||
|---|---|---|---|
| 003 | CHAP | ||
| 005 | 20220329135509.0 | ||
| 008 | 971013s1870 r 00010 d | ||
| 010 | _a37578 | ||
| 011 | _a38550 | ||
| 035 | _a42670 | ||
| 040 | _cCHAP | ||
| 082 |
_a638.2 _bP3 |
||
| 100 |
_aPasteur, Louis _985912 |
||
| 245 | _aEtudes sur la maladie des vers a soie | ||
| 260 |
_aParis : _bGauthier-Villars, _c1870 |
||
| 300 |
_a2 v. _b: ilus. |
||
| 590 |
_aBATCH-UPD _b10 _c20130110 _lUCH01 _h2124 |
||
| 590 |
_aCONVERSION _b10 _c20130109 _lUCH01 _h1321 |
||
| 650 | 1 | 4 |
_aGusanos de seda _xEnfermedades. _951570 |
| 650 | 1 | 4 |
_aSericultura. _9104550 |
| 901 | _aBK | ||
| 942 | _cLIBRO | ||
| 949 |
_a638.2 P3 _bBC _cBPP _d-98138 _eBPP _fv.1 _h24830 _i42670 _si |
||
| 949 |
_a638.2 P3 _bBC _cBPP _d-98139 _eBPP _fv.2 _h24831 _i42670 _si |
||
| 999 |
_c37578 _d37578 |
||